LEADER 00796cam0 2200229 450 001 E600200008948 005 20220103100716.0 100 $a20050303d1962 |||||ita|0103 ba 101 $aita 102 $aIT 200 1 $aMiscellanea di studi offerta a Armando Balduino e Bianca Bianchi per le loro nozze - Vicenza, 30 giugno 1962 210 $aPadova$cpresso il Seminario di Filologia moderna dell'Università$d1962 215 $a104 p.$d32 cm 801 0$aIT$bUNISOB$c20220103$gRICA 850 $aUNISOB 852 $aUNISOB$j850.1$m117574 912 $aE600200008948 940 $aM 102 Monografia moderna SBN 941 $aM 957 $a850.1$b000473$gSi$d117574$hEsposito$rdono$1beth$2UNISOB$3UNISOB$420050303110814.0$520200622070851.0$6Alfano 996 $aMiscellanea$9148858 997 $aUNISOB